HOTEL FRONT OFFICE (Record no. 8061)

MARC details
000 -LEADER
fixed length control field 00339nam a22001577a 4500
020 ## - INTERNATIONAL STANDARD BOOK NUMBER
International Standard Book Number 978-93-81735-49-1
082 ## - DEWEY DECIMAL CLASSIFICATION NUMBER
Classification number 650
Item number SAR
100 ## - MAIN ENTRY--PERSONAL NAME
Personal name SARASWATI, A.K
245 ## - TITLE STATEMENT
Title HOTEL FRONT OFFICE
250 ## - EDITION STATEMENT
Edition statement 1ST
260 ## - PUBLICATION, DISTRIBUTION, ETC. (IMPRINT)
Place of publication, distribution, etc DELHI
Name of publisher, distributor, etc NAMAN
Year of Publication 2013
300 ## - PAGE DESCRIPTION
No. of Pages 360
650 ## - SUBJECT ADDED ENTRY--TOPICAL TERM
Topical term or geographic name as entry element OFFICE MANAGEMENT
653 ## - KEYWORDS--INDEX TERM
Keyword term OFFICE
942 ## - ADDED ENTRY ELEMENTS (KOHA)
Source of classification or shelving scheme Dewey Decimal Classification
Koha item type Books
942 ## - ADDED ENTRY ELEMENTS (KOHA)
-- 20
Holdings
Withdrawn status Lost status Source of classification or shelving scheme Damaged status Not for loan Collection code Home library Current library Shelving location Date acquired Vendor Name Cost, normal purchase price SGTU Bill Number Total Checkouts Full call number Accession No. (Barcode) Date last seen Date last borrowed Bill Date Koha item type
    Dewey Decimal Classification     HOTEL MANAGEMENT SGT Science & Social Sciences Library SGT Science & Social Sciences Library Text Book 10/10/2015 JINDAL BOOKSERVICE 425.00 SGTU 1775 13 650 SAR HM486 11/02/2026 28/01/2026 07/09/2015 Books
    Dewey Decimal Classification     HOTEL MANAGEMENT SGT Science & Social Sciences Library SGT Science & Social Sciences Library Text Book 10/10/2015 JINDAL BOOKSERVICE 425.00 SGTU 1775 6 650 SAR HM487 03/01/2023 22/12/2022 07/09/2015 Books
    Dewey Decimal Classification     HOTEL MANAGEMENT SGT Science & Social Sciences Library SGT Science & Social Sciences Library Text Book 10/10/2015 JINDAL BOOKSERVICE 425.00 SGTU 1775 12 650 SAR HM488 13/01/2024 29/12/2023 07/09/2015 Books
    Dewey Decimal Classification     HOTEL MANAGEMENT SGT Science & Social Sciences Library SGT Science & Social Sciences Library Text Book 10/10/2015 JINDAL BOOKSERVICE 425.00 SGTU 1775 8 650 SAR HM489 24/05/2024 24/05/2024 07/09/2015 Books
    Dewey Decimal Classification     HOTEL MANAGEMENT SGT Science & Social Sciences Library SGT Science & Social Sciences Library Text Book 10/10/2015 JINDAL BOOKSERVICE 425.00 SGTU 1775 5 650 SAR HM490 16/01/2023 03/01/2023 07/09/2015 Books